000 00726nmm a2200217Ia 4500
008 251105s9999||||xx |||||||||||||||||und||
041 _aspa
100 _aLópez Marugán, Arantza
245 0 _aInmigrantes y Mediación Cultural :
_b Materiales para cursos de formación
264 _a[Madrid, España] :
_bUniversidad de Deusto,
_c2001
300 _a152 páginas
490 _aAzul - Temas de Trabajo Social
650 _aEmigration and immigration
700 _aLópez Marugán, Arantza
700 1 _a Setién, María Luisa
700 1 _a Arriola, María Jesús
700 1 _a Celedón, Carmen
700 1 _a Rodríguez Berrio, Arantxa
856 _uhttps://public.digitaliapublishing.com/a/19262
942 _cCF
999 _c68000
_d68000